000 00559nam a2200181Ia 4500
005 20260415160319.0
008 008 250505s9999 xx 000 0 eng d
037 _aTextual
040 _aFEDL
_beng
_cFEDL
041 _aeng
_2eng
084 _a572 TYL
_qFEDL
100 _aTylor Edward B
245 0 _aAnthropology: An introduction to the study of man and civilization, V 1 and 2
260 _aLondon, UK
_bWatts and Co
_c1946
490 _aThe thinker's library; 14
942 _cTEXL
_h572 TYL
999 _c1321578
_d1321578